| 000 | 00763nam a2200205Ia 4500 | ||
|---|---|---|---|
| 003 | GCL | ||
| 008 | 140319s9999 xx 000 0 ara d | ||
| 040 |
_aGCL / _cGCL |
||
| 082 | 0 | 4 |
_a260.3 _bع ل |
| 100 | 1 | _aسعيد عبدالفتاح | |
| 245 | 1 | 0 |
_aلطائف الاعلام فى اشارات اهل الالهام: معجم المصطلحات والاشارات الصوفية (ج1 , ج2) / _cسعيد عبدالفتاح |
| 700 | 1 | _aعبدالرازق القاشانى | |
| 300 | _aمتعدد | ||
| 490 |
_aالهيئة العامة للاستعلامات _v0 |
||
| 650 | 0 | 4 | _aالتصوف |
| 650 | 0 | 4 | _aالمعاجم المتخصصة |
| 650 | 0 | 4 | _aالتصوف - معاجم |
| 650 | 0 | 4 | _aالتصوف الاسلامى - تاريخ |
| 942 |
_2ddc _cBK |
||
| 999 |
_c51831 _d51831 |
||